000 00248nam a22001217a 4500
008 180903b xxu||||| |||| 00| 0 eng d
041 _aeng
080 _a591
100 _a7
101 _aZOO
245 _aZoology
_cElliott, A.M
942 _2udc
_cBK
999 _c47491
_d47491